000 002760000a22000970004500
100 1 _aSumney, Jerry L.
245 1 0 _aThe letter of eugnostos and the origins of gnosticism
300 _aVol. 31, Num. 2 (Abril, 1989), Páginas 172-181
773 0 _tNovum Testamentum
942 _cANA
999 _c56774
_d56774